[Event "Sarajevo Bosna op 49th"]
[Site "Sarajevo"]
[Date "2019.04.27"]
[Round "1"]
[White "Hadziabdic, Nadja"]
[Black "Maksimovic, Masa"]
[Result "0-1"]
[WhiteElo "1102"]
[BlackElo "2107"]
[PlyCount "88"]
[EventDate "2019.04.27"]
[EventType "swiss"]
[EventRounds "9"]
[EventCountry "BIH"]
[SourceTitle "CBM 190 Extra"]
[Source "ChessBase"]
[SourceDate "2019.07.15"]
[SourceVersion "1"]
[SourceVersionDate "2019.07.15"]
[SourceQuality "1"]

1. d4 g6 2. Bf4 Bg7 3. Nf3 d6 4. Nc3 a6 5. e3 b5 6. b4 Nd7 7. a3 Bb7 8. Bd3 c5 9. Rb1 Rc8 10. Be4 Bxe4 11. Nxe4 cxd4 12. exd4 Ngf6 13. Ng3 Nd5 14. Qd2 Nxf4 15. Qxf4 Rxc2 16. 0-0 Nf6 17. Rfc1 Rxc1+ 18. Rxc1 0-0 19. Ne4 Qd7 20. Nxf6+ Bxf6 21. h3 Rc8 22. Rxc8+ Qxc8 23. Ng5 Qc3 24. Nf3 Qxa3 25. Qd2 Qb3 26. Qc1 Qxb4 27. Qc8+ Kg7 28. Qxa6 Qb1+ 29. Kh2 b4 30. Nd2 Qb2 31. Nf3 Bxd4 32. Nxd4 Qxd4 33. f3 b3 34. Qb7 b2 35. Qb3 Qf4+ 36. Kg1 Qc1+ 37. Kh2 b1Q 38. Qxb1 Qxb1 39. f4 Kf6 40. h4 Kf5 41. g3 Kg4 42. Kg2 Qc2+ 43. Kf1 Kf3 44. Ke1 Qc1# 0-1